Message from the president of the United States, transmitting, In pursuance of a resolution of the House of Representatives, of the 30th Jan. last, Communications from the Agents of the United States with the governments south of the U. States which have Declared their Independence: And the Communications from the Agents of such Governments in the United States with the Secretary of State, as tend to shew the Political condition of their Governments, and the state of the war between them and spain.

Bibliographic Details
Corporate Authors: United States. Congress. House. Committee on Foreign Affairs, ProQuest (Firm)
Format: eBook
Language:English
Published: Washington : [publisher not identified], 1822.
Series:United States congressional serial set.
Subjects:
Online Access:Connect to the full text of this electronic book

MARC

Tag First Indicator Second Indicator Subfields
LEADER 00000cam a22000001a 4500
001 in00002823639
005 20190331183553.0
006 m o d
007 cr un mmmapmmp
008 081229s1822 dcu o f000 0 eng d
035 |a cis2004311436 
040 |a UMI  |c UMI  |d UtOrBLW 
043 |a n-us--- 
099 |a ProQuest Serial Set Number 67 H.doc.90 
110 1 |a United States.  |b Congress.  |b House.  |b Committee on Foreign Affairs. 
245 1 0 |a Message from the president of the United States, transmitting, In pursuance of a resolution of the House of Representatives, of the 30th Jan. last, Communications from the Agents of the United States with the governments south of the U. States which have Declared their Independence: And the Communications from the Agents of such Governments in the United States with the Secretary of State, as tend to shew the Political condition of their Governments, and the state of the war between them and spain. 
246 1 |a Presidential message recommending Independence of late Spanish American provinces be recognized 
264 1 |a Washington :  |b [publisher not identified],  |c 1822. 
300 |a 1 online resource. 
336 |a text  |b txt  |2 rdacontent 
337 |a computer  |b c  |2 rdamedia 
338 |a online resource  |b cr  |2 rdacarrier 
490 0 |a H.doc.90 
500 |a Record is based on bibliographic data in ProQuest U.S. Serial Set Digital Collection (last viewed Dec. 2008). Reuse except for individual research requires license from ProQuest, LLC. 
510 3 |a ProQuest U.S. Serial Set Digital Collection 
500 |a Electronic resource. 
650 0 |a Presidents  |v Messages. 
651 0 |a Latin America. 
651 0 |a Peru. 
655 7 |a Electronic books.  |2 local 
710 2 |a ProQuest (Firm) 
830 0 |a United States congressional serial set. 
856 4 0 |u http://proxy.library.tamu.edu/login?url=http://congressional.proquest.com/congcomp/getdoc?SERIAL-SET-ID=67+H.doc.90  |z Connect to the full text of this electronic book  |t 0 
999 |a MARS 
999 f f |s d6cd9859-6d79-3819-8cef-489c275876bb  |i 010b4c52-6777-3561-b106-1a8987b9e24a  |t 0 
952 f f |a Texas A&M University  |b College Station  |c Electronic Resources  |d Available Online  |t 0  |e ProQuest Serial Set Number 67 H.doc.90  |h Other scheme 
998 f f |a ProQuest Serial Set Number 67 H.doc.90  |t 0  |l Available Online